Touching the clouds : (Record no. 18870)
[ view plain ]
| 000 -LEADER | |
|---|---|
| fixed length control field | 00417cam a22001454a 4500 |
| 020 ## - INTERNATIONAL STANDARD BOOK NUMBER | |
| ISBN | 1576833410 (pbk.) |
| 040 ## - CATALOGING SOURCE | |
| Transcribing agency | DLC |
| 082 00 - DEWEY DECIMAL CLASSIFICATION NUMBER | |
| Classification number | 242 NAV 2003 C153 Or. |
| 100 1# - MAIN ENTRY--AUTHOR NAME | |
| Personal name | Sandin, Fran Caffey, |
| 245 10 - TITLE STATEMENT | |
| Title | Touching the clouds : |
| Remainder of title | encouraging stories to make your faith soar / |
| 260 ## - PUBLICATION, DISTRIBUTION, ETC. (IMPRINT) | |
| Place of publication | Colorado Springs, Colo. : |
| Name of publisher | NavPress, |
| Year of publication | c2003. |
| 300 ## - PHYSICAL DESCRIPTION | |
| Number of Pages | 189 p. ; |
| Dimensions | 22 cm. |
| 650 #0 - SUBJECT ADDED ENTRY--TOPICAL TERM | |
| Topical Term | Christian life. |
| 942 ## - ADDED ENTRY ELEMENTS (KOHA) | |
| Koha item type | ADB |
| 952 ## - LOCATION AND ITEM INFORMATION (KOHA) | |
| Withdrawn status [LOCAL, KOHA] | 0 |
| Koha item type | Source of acquisition | Lost status | Permanent Location | Current Location | Date acquired | Full call number |
|---|---|---|---|---|---|---|
| សៀវភៅភាសាអង់គ្លេស | A37174 | Library Block C | Library Block C | 2020-02-03 | 242 NAV 2003 C153 Or. |